Statistics for Every Premier League Goalscorer (2022/23)

Click here to take the quiz!

General Stats

  • This quiz has been taken 69 times
  • The average score is 161 of 271

Answer Stats

Answer% Correct
Gabriel Jesus
97%
Bernardo Silva
95%
Bukayo Saka
95%
Gabriel Martinelli
95%
Granit Xhaka
95%
Martin Ødegaard
95%
Aleksandar Mitrović
92%
Kaoru Mitoma
92%
Rodri
92%
Thomas Partey
92%
Ben White
89%
Erling Haaland
89%
İlkay Gündoğan
89%
Jamie Vardy
89%
Kevin De Bruyne
89%
Luis Díaz
89%
Morgan Gibbs-White
89%
Oleksandr Zinchenko
89%
Riyad Mahrez
89%
Wilfried Zaha
89%
Alexander Isak
87%
Nathan Aké
87%
Callum Wilson
84%
Diogo Jota
84%
Gabriel Magalhães
84%
Harry Wilson
84%
John Stones
84%
Julián Álvarez
84%
Phil Foden
84%
Roberto Firmino
84%
Alexis Mac Allister
82%
Daniel James
82%
Eberechi Eze
82%
Harvey Barnes
82%
James Maddison
82%
João Cancelo
82%
Joël Matip
82%
Kai Havertz
82%
Miguel Almirón
82%
Mohamed Salah
82%
Reece James
82%
Andreas Pereira
79%
Bruno Fernandes
79%
Darwin Núñez
79%
Ivan Toney
79%
Jack Grealish
79%
Ollie Watkins
79%
Virgil van Dijk
79%
Anthony Martial
76%
Christian Pulisic
76%
Cody Gakpo
76%
Danny Ings
76%
Harry Kane
76%
Joelinton
76%
Jordan Ayew
76%
Leandro Trossard
76%
Lewis Dunk
76%
Marcus Rashford
76%
Mateo Kovačić
76%
Pascal Groß
76%
Pierre-Emerick Aubameyang
76%
Son Heung-min
76%
Adama Traoré
74%
Bruno Guimarães
74%
Dominic Calvert-Lewin
74%
João Félix
74%
Jorginho
74%
Mason Mount
74%
Raheem Sterling
74%
Ricardo Pereira
74%
Rodrigo
74%
Trent Alexander-Arnold
74%
William Saliba
74%
Willian
74%
Bertrand Traoré
71%
Christian Eriksen
71%
Eddie Nketiah
71%
Evan Ferguson
71%
Fábio Vieira
71%
Fred
71%
Jakub Kiwior
71%
Joel Ward
71%
John McGinn
71%
Kalidou Koulibaly
71%
Kieran Trippier
71%
Michael Olise
71%
Moisés Caicedo
71%
Pervis Estupiñán
71%
Pierre-Emile Højbjerg
71%
Scott McTominay
71%
Youri Tielemans
71%
Armando Broja
68%
Ché Adams
68%
Dominic Solanke
68%
Fabian Schär
68%
Julio Enciso
68%
Leon Bailey
68%
Lisandro Martínez
68%
Michail Antonio
68%
Solly March
68%
Alex Iwobi
66%
Antony
66%
Bobby Decordova-Reid
66%
Bryan Mbeumo
66%
Çağlar Söyüncü
66%
Chris Wood
66%
Curtis Jones
66%
Douglas Luiz
66%
Jacob Ramsey
66%
Kelechi Ịheanachọ
66%
Patson Daka
66%
Reiss Nelson
66%
Brenden Aaronson
63%
Brennan Johnson
63%
Casemiro
63%
Emiliano Buendía
63%
Fábio Carvalho
63%
Harrison Reed
63%
Joachim Andersen
63%
Manor Solomon
63%
Odsonne Édouard
63%
Patrick Bamford
63%
Philip Billing
63%
Rob Holding
63%
Rodrigo Bentancur
63%
Rúben Neves
63%
Saïd Benrahma
63%
Tomáš Souček
63%
Abdoulaye Doucouré
61%
Anthony Gordon
61%
Ben Mee
61%
Crysencio Summerville
61%
Deniz Undav
61%
Diogo Dalot
61%
Kieffer Moore
61%
Matt Doherty
61%
Tim Ream
61%
Yerry Mina
61%
Yoane Wissa
61%
Ben Chilwell
58%
Dan Burn
58%
Danny Welbeck
58%
Dejan Kulusevski
58%
Ivan Perišić
58%
Jack Harrison
58%
James Ward-Prowse
58%
Jean-Philippe Mateta
58%
Jefferson Lerma
58%
Jeffrey Schlupp
58%
Lucas Paquetá
58%
Luis Sinisterra
58%
Richarlison
58%
Séamus Coleman
58%
Tyrone Mings
58%
Wout Faes
58%
Alejandro Garnacho
55%
Allan Saint-Maximin
55%
Ben Davies
55%
Carlos Vinícius
55%
Christian Nørgaard
55%
Declan Rice
55%
Demarai Gray
55%
Dwight McNeil
55%
Harvey Elliott
55%
Jarrod Bowen
55%
João Palhinha
55%
Marc Guéhi
55%
Timothy Castagne
55%
Adam Armstrong
53%
Adam Lallana
53%
Conor Gallagher
53%
Emerson Royal
53%
Hwang Hee-chan
53%
Jacob Murphy
53%
Joël Veltman
53%
Joe Willock
53%
Kyle Walker-Peters
53%
Lucas Digne
53%
Marcos Senesi
53%
Philippe Coutinho
53%
Stuart Armstrong
53%
Taiwo Awoniyi
53%
Dennis Praet
50%
Gianluca Scamacca
50%
Jadon Sancho
50%
Kiernan Dewsbury-Hall
50%
Luke Shaw
50%
Matías Viña
50%
Nayef Aguerd
50%
Pablo Fornals
50%
Pascal Struijk
50%
Tom Cairney
50%
Will Hughes
50%
Amadou Onana
47%
Cristiano Ronaldo
47%
Ethan Pinnock
47%
Facundo Buonanotte
47%
Kenny Tete
47%
Kurt Zouma
47%
Manuel Lanzini
47%
Pedro Porro
47%
Sean Longstaff
47%
Tetê
47%
Vitaly Janelt
47%
Dango Ouattara
45%
Danilo
45%
James Tomkins
45%
Liam Cooper
45%
Lucas Moura
45%
Matheus Nunes
45%
Mathias Jensen
45%
Nampalys Mendy
45%
Wesley Fofana
45%
Carlos Alcaraz
42%
Daniel Podence
42%
Josh Dasilva
42%
Michael Keane
42%
Pontus Jansson
42%
Ryan Christie
42%
Diego Costa
39%
Duje Ćaleta-Car
39%
James Tarkowski
39%
Jonny
39%
Neal Maupay
39%
Noni Madueke
39%
Oliver Skipp
39%
Rasmus Kristensen
39%
Serge Aurier
39%
Stefan Bajcetic
39%
Wilfried Gnonto
39%
Antoine Semenyo
37%
Cheikhou Kouyaté
37%
Eric Dier
37%
Joe Aribo
37%
Lyanco
37%
Marc Roca
37%
Matheus Cunha
37%
Neco Williams
37%
Benoît Badiashile
34%
Conor Coady
34%
Issa Diop
34%
Luke Ayling
34%
Mohamed Elyounoussi
34%
Ryan Sessegnon
34%
Theo Walcott
34%
Jaidon Anthony
32%
Marcus Tavernier
32%
Roméo Lavia
32%
Sam Greenwood
32%
Tosin Adarabioyo
32%
Toti
32%
Arnaut Danjuma
29%
Ashley Young
29%
Emmanuel Dennis
29%
Kamaldeen Sulemana
29%
Marc Albrighton
29%
Rayan Aït-Nouri
29%
João Gomes
26%
Junior Firpo
26%
Alex Oxlade-Chamberlain
24%
Craig Dawson
24%
Ellis Simms
24%
Joe Worrall
24%
Sékou Mara
24%
Romain Perraud
21%
Gonçalo Guedes
18%
Orel Mangala
18%
Pablo Sarabia
18%
Emerson Palmieri
16%
Lewis O'Brien
16%
Sam Surridge
16%

Score Distribution

Percentile by Number Answered

Percent of People with Each Score

Your Score History

You have not taken this quiz